000 00413nam a2200145 i 4500
001 60045
003 ES-MaACL
007 t|
008 031103s1983 sp ||||1| spa d
245 0 0 _aEspaña
_b: balance 1983 /
_c[Rafael López Pintor ... [et al.]].
260 _a[Madrid] :
_bOycos,
_c[1983]
300 _a190 p. ;
_c24 cm.
700 1 _aLópez Pintor, Rafael.
_973893
852 _aES-MaACL
_jL-5651
_bR.106159
999 _c60045
_d60045